| 000 -LEADER |
| fixed length control field |
00910pab a2200169 454500 |
| 008 - FIXED-LENGTH DATA ELEMENTS--GENERAL INFORMATION |
| fixed length control field |
180718b2009 xxu||||| |||| 00| 0 eng d |
| 100 ## - MAIN ENTRY--PERSONAL NAME |
| Personal name |
Guha Roy, Jaytilak |
| 245 ## - TITLE STATEMENT |
| Title |
The right to information: Some emerging issues of public concern |
| 260 ## - PUBLICATION, DISTRIBUTION, ETC. |
| Date of publication, distribution, etc. |
2009 |
| 300 ## - PHYSICAL DESCRIPTION |
| Extent |
p.406-412. |
| 362 ## - DATES OF PUBLICATION AND/OR SEQUENTIAL DESIGNATION |
| Dates of publication and/or sequential designation |
Jul-Sep |
| 520 ## - SUMMARY, ETC. |
| Summary, etc. |
An ingrained mindset of denial of information is coming to surface time and again jeopardizing the implementation of right to information. A spirited effort to keep file notings, records of UPSC and judiciary out of the purview of the Act have already become stumbling blocks to emergence of an information regime. The article takes a critical look at the legal aspect of tenability and rationale of exemption sought from the Right to Information Act. - Reproduced. |
| 650 ## - SUBJECT ADDED ENTRY--TOPICAL TERM |
| Topical term or geographic name entry element |
Right to information |
| 773 ## - HOST ITEM ENTRY |
| Main entry heading |
Indian Journal of Public Administration |
| 908 ## - PUT COMMAND PARAMETER (RLIN) |
| Put command parameter |
N |
| 909 ## - |
| -- |
84929 |